相声“帽子工厂”中出现过的“帽子” - Statistics

General Stats
  • This quiz has been taken 12 times
  • The average score is 21 of 51
Answer Stats
大号 % Correct
叛徒
88%
特务
88%
大军阀
88%
走资派
88%
修正主义
88%
黑手
88%
黑帮凶
88%
党内走资派
88%
戴着红五星的走资派
88%
走资兵
88%
反党分子
75%
投降派
75%
野心家
63%
大恶霸
63%
墙头草
63%
民主革命派
63%
资产阶级野心家
63%
黑线人物
50%
黑秀才
50%
经验主义
50%
中庸之道
50%
变色龙
50%
小修苗
50%
小爬虫
50%
不革命
38%
民主派
38%
老好人
38%
造谣公司
38%
传话筒
38%
逆流
38%
邪风
38%
混进群众队伍里的坏人
38%
新兴的资产阶级分子
25%
谩骂首长
25%
唯生产力论
25%
绊脚石
13%
攻击领导
13%
暗中盘算
13%
怀恨在心
13%
奴隶主义
13%
阶级斗争熄灭论
13%
因循守旧
0%
墨守成规
0%
胸无大局
0%
满足现状
0%
管卡压
0%
物质刺激
0%
走白专道路
0%
吃老本
0%
不学无术
0%
大男子主义
0%
No matching quizzes found
Score Distribution
Percent of People with Each Score
Percentile by Number Answered
Your Score History
You have not taken this quiz